|
|
|
|
| LEADER |
00000nab a2200000 a 4500 |
| 001 |
vtls001496187 |
| 003 |
SK-MaSNL |
| 005 |
20260512084155.0 |
| 008 |
250505c2004 xo 0 slo |
| 015 |
|
|
|a SNBCL2005/2
|
| 035 |
|
|
|a SLK030009
|
| 035 |
|
|
|a urn:nbn:sk:snk-ab32dn
|
| 035 |
|
|
|a (urnnbn)urn:nbn:sk:snk:ar-a05jvr
|
| 035 |
|
|
|a (uuid)ae5a1d90-1ef5-4167-ac92-a7f10ce19b0b
|
| 040 |
|
|
|a SNKBUCL
|b slo
|c SNKBUCL
|e AACR2
|
| 041 |
0 |
|
|a slo
|
| 044 |
|
|
|a xo
|c SK
|
| 080 |
|
|
|a 615.214.2:616-056.52:061.3
|2 1981
|
| 100 |
1 |
|
|a Vavrušová, Lívia,
|d 1958-
|4 aut
|9 20932
|
| 245 |
1 |
0 |
|a Zmeny hmotnosti pri liečbe antipsychotikami (vlastné skúsenosti)
|c L. Vavrušová
|
| 650 |
0 |
7 |
|a schizofrénia
|x farmakoterapia
|2 MESH
|9 871549
|
| 650 |
0 |
7 |
|a antipsychotiká
|x aplikácia a dávkovanie
|2 MESH
|9 1288614
|
| 650 |
0 |
7 |
|a kompliancia pacienta
|2 MESH
|9 1451004
|
| 650 |
0 |
7 |
|a vzťahy lekár-pacient
|x etika
|2 MESH
|9 1339243
|
| 650 |
0 |
7 |
|a hmotnosť zvýšená
|x účinky nežiadúce
|2 MESH
|9 1459940
|
| 711 |
2 |
|
|a Slovenské obezitologické dni
|n (3. :
|d 2004 :
|c Nimnica, Slovensko)
|4 aut
|9 120669
|
| 773 |
0 |
|
|t Interná medicína
|g Roč. 4, č. 10 (2004), s. 547-548
|x 1335-8359
|
| 850 |
|
|
|a Slovenská národná knižnica
|
| 852 |
|
|
|a Slovenská národná knižnica
|
| 954 |
|
|
|a odborná, vedecká literatúra pôvodná (slovenská)
|2 lita
|
| 958 |
|
|
|a article2022
|
| 958 |
|
|
|a OND
|
| 958 |
|
|
|a EUIPO
|
| 999 |
|
|
|c 2920331
|d 2922261
|